[Event "67th ch-RUS HL 2014"]
[Site "Vladivostok RUS"]
[Date "2014.06.08"]
[Round "5.18"]
[White "Diu, Viacheslav"]
[Black "Usmanov, Vasily"]
[Result "1/2-1/2"]
[WhiteTitle "IM"]
[WhiteElo "2468"]
[BlackElo "2428"]
[WhiteFideId "4167465"]
[BlackFideId "4135741"]
[EventDate "2014.06.04"]

1. d4 Nf6 2. c4 e6 3. Nc3 d5 4. cxd5 exd5 5. Bg5 Be7 6. e3 c6 7. Qc2 O-O 8. Bd3
Nbd7 9. Nf3 Re8 10. h3 Nf8 11. O-O Be6 12. a3 Nh5 13. Bxe7 Rxe7 14. b4 Rc8 15.
Na4 g6 16. Nc5 Ng7 17. Nxe6 Nfxe6 18. Rac1 Ne8 19. Qb2 a6 20. Rc2 Nd6 21. Rfc1
Rec7 22. a4 b5 23. Qc3 Nc4 24. Ra2 Ng5 25. Nd2 f5 26. Nb3 Ne4 27. Bxe4 fxe4 28.
Nc5 Rf7 29. Nxa6 Qh4 30. axb5 cxb5 31. Nc5 g5 32. Qa1 g4 33. hxg4 Rc6 34. g5
Qxg5 35. Ra8+ Kg7 36. Rg8+ Kxg8 37. Qa8+ Rf8 38. Qxc6 Nxe3 39. fxe3 Qxe3+ 40.
Kh2 Qf4+ 41. g3 Qd2+ 42. Kh3 Qxc1 43. Qxd5+ Rf7 44. Qa8+ Kg7 45. Ne6+ Kh6 46.
Qxe4 Qf1+ 47. Kg4 Qd1+ 48. Kh3 Qf1+ 49. Kg4 Qd1+ 1/2-1/2

[Event "67th ch-RUS HL 2014"]
[Site "Vladivostok RUS"]
[Date "2014.06.08"]
[Round "5.19"]
[White "Kravtsov, Sergey"]
[Black "Yuffa, Daniil"]
[Result "0-1"]
[WhiteTitle "IM"]
[BlackTitle "IM"]
[WhiteElo "2311"]
[BlackElo "2444"]
[WhiteFideId "4123816"]
[BlackFideId "24131423"]
[EventDate "2014.06.04"]

1. Nf3 Nf6 2. c4 g6 3. d4 Bg7 4. g3 O-O 5. Bg2 d6 6. O-O Nc6 7. Nc3 Bf5 8. b3 e5
9. dxe5 dxe5 10. Ba3 Re8 11. Qxd8 Raxd8 12. Rad1 e4 13. Rxd8 Rxd8 14. Ng5 Rd2
15. Rd1 Rxd1+ 16. Nxd1 h6 17. Nh3 g5 18. Bb2 Nb4 19. Ne3 Be6 20. a3 Nc6 21. b4
Ng4 22. Bxg7 Nxe3 23. fxe3 Kxg7 24. c5 f5 25. g4 Kf6 26. Nf2 Ke5 27. Kf1 a5 28.
b5 Na7 29. gxf5 Bxf5 30. a4 Nc8 31. Ke1 b6 32. c6 Nd6 33. Nd1 Nc4 34. Kf2 Nd2
35. Nc3 Nb3 36. Kg3 h5 37. h4 g4 38. Kf2 Nc5 39. Kg3 Be6 40. Kf2 Bb3 41. Ke1 Bc2
42. Bh1 Nxa4 43. Bxe4 Nxc3 44. Bxc2 a4 0-1

[Event "67th ch-RUS HL 2014"]
[Site "Vladivostok RUS"]
[Date "2014.06.08"]
[Round "5.20"]
[White "Gritsenko, Andrey"]
[Black "Zhurikhin, Alexander"]
[Result "0-1"]
[WhiteTitle "IM"]
[BlackTitle "FM"]
[WhiteElo "2418"]
[BlackElo "2333"]
[WhiteFideId "4197933"]
[BlackFideId "4139569"]
[EventDate "2014.06.04"]

1. d4 Nf6 2. c4 e6 3. g3 Bb4+ 4. Bd2 c5 5. Bxb4 cxb4 6. Bg2 O-O 7. Nf3 d6 8. O-O
Qb6 9. Nbd2 a5 10. Rc1 Qc7 11. e4 Nbd7 12. Qe2 e5 13. c5 dxc5 14. dxe5 Nxe5 15.
Nxe5 Qxe5 16. Nc4 Qe7 17. e5 Nd7 18. f4 Ra6 19. Rcd1 Nb8 20. f5 Nc6 21. Qe4 b5
22. f6 gxf6 23. Rxf6 bxc4 24. Qh4 Nxe5 25. Rdf1 Rxf6 26. Rxf6 Re8 27. Bd5 Bb7
28. Qg5+ Kh8 0-1

[Event "67th ch-RUS HL 2014"]
[Site "Vladivostok RUS"]
[Date "2014.06.08"]
[Round "5.21"]
[White "Oparin, Grigoriy"]
[Black "Nechaev, Oleg"]
[Result "1-0"]
[WhiteTitle "GM"]
[WhiteElo "2552"]
[BlackElo "2331"]
[WhiteFideId "24125890"]
[BlackFideId "24113409"]
[EventDate "2014.06.04"]

1. e4 c5 2. Nf3 Nc6 3. Nc3 g6 4. d4 cxd4 5. Nxd4 Bg7 6. Be3 Nf6 7. Bc4 O-O 8.
Bb3 d6 9. f3 Bd7 10. Qd2 Rc8 11. O-O-O Nxd4 12. Bxd4 b5 13. h4 a5 14. a3 b4 15.
axb4 axb4 16. Na2 Be6 17. Kb1 Ra8 18. Bxe6 fxe6 19. Qxb4 Qd7 20. c3 e5 21. Qb3+
Kh8 22. Bxe5 Rfb8 23. Nb4 Qb7 24. Bxf6 Bxf6 25. h5 g5 26. Rd5 Qa7 27. Rhd1 Kg7
28. Rf5 Qf2 29. h6+ Kg6 30. Qe6 Qxg2 31. f4 gxf4 32. Rxf4 Kg5 33. Qf5+ Kxh6 34.
Rg4 Qh2 35. Rdg1 1-0

[Event "67th ch-RUS HL 2014"]
[Site "Vladivostok RUS"]
[Date "2014.06.08"]
[Round "5.22"]
[White "Egorov, Dmitry"]
[Black "Chekhov, Sergei"]
[Result "0-1"]
[WhiteTitle "FM"]
[BlackTitle "IM"]
[WhiteElo "2343"]
[BlackElo "2467"]
[WhiteFideId "4128303"]
[BlackFideId "4195639"]
[EventDate "2014.06.04"]

1. e4 c5 2. Nf3 e6 3. c3 Nf6 4. e5 Nd5 5. d4 cxd4 6. cxd4 d6 7. Nc3 Nxc3 8. bxc3
Qc7 9. Bd2 Nd7 10. exd6 Bxd6 11. Bd3 b6 12. O-O Bb7 13. h3 O-O 14. Re1 Rfe8 15.
Ng5 Nf6 16. Ne4 Nxe4 17. Bxe4 Bxe4 18. Rxe4 Qc4 19. Qf3 Qd5 20. Qe2 Rac8 21. h4
Rc4 22. h5 Ra4 23. h6 g6 24. a3 Rc8 25. Re3 b5 26. Rf3 a6 27. Re3 Bf4 28. Rf3
Bd6 29. Re3 Qf5 30. Rf3 Qh5 31. Qe4 Qh2+ 32. Kf1 Qh1+ 33. Ke2 Qxa1 34. Qh4 Bf8 0-1

[Event "67th ch-RUS HL 2014"]
[Site "Vladivostok RUS"]
[Date "2014.06.08"]
[Round "5.23"]
[White "Rychkov, Oleg"]
[Black "Korniushin, Nikolay"]
[Result "1-0"]
[WhiteTitle "FM"]
[BlackTitle "IM"]
[WhiteElo "2333"]
[BlackElo "2357"]
[WhiteFideId "4122852"]
[BlackFideId "4123808"]
[EventDate "2014.06.04"]

1. Nf3 c5 2. e4 Nf6 3. Nc3 d5 4. exd5 Nxd5 5. Bb5+ Bd7 6. Ne5 e6 7. Qf3 Qf6 8.
Nxd7 Nxd7 9. Bxd7+ Kxd7 10. Qe2 Qg6 11. O-O a6 12. Rd1 Qxc2 13. Qf3 Bd6 14. d4
c4 15. Be3 Kc6 16. Nxd5 exd5 17. Rac1 Qe4 18. Rxc4+ Kb5 19. a4+ Kxc4 20. Rc1+
Kb3 21. Qd1+ Ka2 22. Ra1+ Kxb2 23. Qc1+ Kb3 24. Rb1+ Qxb1 25. Qxb1+ Kc3 26. Qc1+
Kb3 27. Qd1+ Kb4 28. Bd2+ Ka3 29. Qa1+ Kb3 30. Qb1+ Ka3 31. Bc1+ Kxa4 32. Qa2+
Kb5 33. Qxd5+ Kb4 34. Bd2+ Ka3 35. Qxd6+ Kb2 36. Qb4+ Kc2 37. Qc3+ 1-0

[Event "67th ch-RUS HL 2014"]
[Site "Vladivostok RUS"]
[Date "2014.06.08"]
[Round "5.24"]
[White "Nazaretyan, Tigran"]
[Black "Muratov, Sergey"]
[Result "1-0"]
[BlackTitle "FM"]
[WhiteElo "2195"]
[BlackElo "2219"]
[WhiteFideId "24162345"]
[BlackFideId "4131355"]
[EventDate "2014.06.04"]

1. d4 Nf6 2. c4 c5 3. d5 e6 4. Nc3 exd5 5. cxd5 d6 6. e4 g6 7. Nf3 Bg7 8. h3 O-O
9. Bd3 Re8 10. O-O a6 11. a4 Nbd7 12. Re1 Ne5 13. Nxe5 Rxe5 14. Bf4 Re8 15. Bh2
Qc7 16. Qb3 Nd7 17. f4 Rb8 18. Kh1 Nf8 19. e5 Bf5 20. Bxf5 gxf5 21. Qc2 dxe5 22.
Qxf5 Ng6 23. Rad1 Rbd8 24. Ne4 exf4 25. d6 Rxd6 26. Rxd6 Rxe4 27. Qxe4 Qxd6 28.
Qxb7 Qd2 29. Re8+ Nf8 30. Qe4 Qc1+ 31. Bg1 Bd4 32. Qe1 Qxb2 33. Qe7 Bg7 34. Bxc5
h6 1-0

[Event "67th ch-RUS HL 2014"]
[Site "Vladivostok RUS"]
[Date "2014.06.10"]
[Round "6.1"]
[White "Khismatullin, Denis"]
[Black "Fedoseev, Vladimir3"]
[Result "0-1"]
[WhiteTitle "GM"]
[BlackTitle "GM"]
[WhiteElo "2671"]
[BlackElo "2662"]
[WhiteFideId "4142578"]
[BlackFideId "24130737"]
[EventDate "2014.06.04"]

1. d4 Nf6 2. c4 e6 3. Nc3 Bb4 4. f3 O-O 5. a3 Bxc3+ 6. bxc3 Nh5 7. Nh3 f5 8. Bg5
Qe8 9. Nf2 Nc6 10. e4 d6 11. Be2 fxe4 12. Nxe4 e5 13. O-O Bf5 14. Bd3 Bg6 15. d5
Na5 16. c5 Nf4 17. cxd6 Nxd3 18. d7 Qxd7 19. Qxd3 b5 20. a4 bxa4 21. Qa6 Nb3 22.
Qxa4 Qxd5 23. Rfd1 Qe6 24. Rab1 Rab8 25. Qxa7 Bxe4 26. fxe4 h6 27. Bh4 Qc4 28.
Qa2 Rb5 29. Bf2 Rfb8 30. Qc2 Kh7 31. h3 Nd4 32. Bxd4 Rxb1 33. Rxb1 Rxb1+ 34.
Qxb1 exd4 35. cxd4 Qxd4+ 36. Kf1 Kg6 37. e5+ Kf7 38. Qf5+ Ke7 39. Ke2 Qd5 40. g4
Qg2+ 41. Kd1 Qxh3 42. Qe4 Qc3 43. Ke2 c6 44. Qf4 Qc2+ 45. Ke1 Ke6 46. g5 Qb1+
47. Kd2 Qb2+ 48. Kd1 Qa1+ 49. Kc2 Qxe5 50. Qc4+ Qd5 51. Qe2+ Kf5 52. Qh5 Qg2+
53. Kd3 Qg3+ 54. Kc2 Qxg5 55. Qf7+ Qf6 56. Qh5+ Ke6 57. Qe8+ Kd6 58. Kd2 Kc7 59.
Kc2 g5 60. Qe4 Qd6 61. Kb1 Kb6 62. Qe3+ Qc5 63. Qe8 g4 64. Qd8+ Kb5 65. Qb8+ Ka4
66. Qa8+ Kb4 67. Qb8+ Qb5 68. Qf4+ Ka3+ 69. Kc1 Qb2+ 70. Kd1 Qb3+ 0-1

[Event "67th ch-RUS HL 2014"]
[Site "Vladivostok RUS"]
[Date "2014.06.10"]
[Round "6.2"]
[White "Jakovenko, Dmitry"]
[Black "Goganov, Aleksey"]
[Result "1-0"]
[WhiteTitle "GM"]
[BlackTitle "GM"]
[WhiteElo "2736"]
[BlackElo "2591"]
[WhiteFideId "4122356"]
[BlackFideId "24109959"]
[EventDate "2014.06.04"]

1. d4 d5 2. c4 c6 3. Nf3 Nf6 4. e3 e6 5. Bd3 dxc4 6. Bxc4 Nbd7 7. O-O Bd6 8. Nc3
O-O 9. e4 e5 10. Be3 Qc7 11. h3 exd4 12. Nxd4 Ne5 13. Bb3 Ng6 14. Rc1 a6 15. Qd2
Re8 16. Nf3 Bb4 17. Ng5 Bxc3 18. Rxc3 Nxe4 19. Nxe4 Rxe4 20. f4 Bd7 21. f5 Nf8
22. f6 Be6 23. Bc2 Re5 24. fxg7 Ng6 25. Bd4 Rd5 26. Be4 Rd7 27. Qf2 f5 28. Bxf5
Bxf5 29. Qxf5 Re8 30. Bf6 Rf7 31. Qf2 Qd6 32. Rf3 Qe6 33. a3 Qe2 34. Qg3 Qe4 35.
Kh2 Ne5 36. Bxe5 Rxf3 37. Rxf3 Qd4 1-0

[Event "67th ch-RUS HL 2014"]
[Site "Vladivostok RUS"]
[Date "2014.06.10"]
[Round "6.3"]
[White "Zvjaginsev, Vadim"]
[Black "Tomashevsky, Evgeny"]
[Result "1/2-1/2"]
[WhiteTitle "GM"]
[BlackTitle "GM"]
[WhiteElo "2642"]
[BlackElo "2695"]
[WhiteFideId "4113403"]
[BlackFideId "4147235"]
[EventDate "2014.06.04"]

1. e4 e5 2. f4 d5 3. exd5 exf4 4. Nf3 Nf6 5. Bc4 Nxd5 6. O-O Be6 7. Qe2 Be7 8.
Nc3 Nc6 9. d4 O-O 10. Nxd5 Bxd5 11. Bxd5 Qxd5 12. Bxf4 Bd6 13. Qd2 Rae8 14. Bxd6
Qxd6 15. Rae1 f6 16. c3 Ne7 17. Qc2 Qc6 18. Re2 Nd5 19. Rfe1 Rxe2 20. Qxe2 Nf4
21. Qe3 Nd5 22. Qe2 Nf4 23. Qe3 Nd5 24. Qe2 1/2-1/2

[Event "67th ch-RUS HL 2014"]
[Site "Vladivostok RUS"]
[Date "2014.06.10"]
[Round "6.4"]
[White "Grachev, Boris"]
[Black "Matlakov, Maxim"]
[Result "1/2-1/2"]
[WhiteTitle "GM"]
[BlackTitle "GM"]
[WhiteElo "2661"]
[BlackElo "2689"]
[WhiteFideId "4129199"]
[BlackFideId "4168003"]
[EventDate "2014.06.04"]

1. d4 d5 2. c4 c6 3. Nf3 Nf6 4. e3 Bf5 5. Bd3 Bg6 6. Bxg6 hxg6 7. Qd3 e6 8. Nbd2
Nbd7 9. O-O Bd6 10. e4 dxe4 11. Nxe4 Nxe4 12. Qxe4 Qf6 13. Re1 Qf5 14. h3 Qxe4
15. Rxe4 O-O 16. Re2 a5 17. Be3 Rfe8 18. Rd1 a4 19. Nd2 Nf6 20. Nf3 Nd7 21. Nd2
Nf6 22. Nf3 Nd7 1/2-1/2

[Event "67th ch-RUS HL 2014"]
[Site "Vladivostok RUS"]
[Date "2014.06.10"]
[Round "6.5"]
[White "Inarkiev, Ernesto"]
[Black "Lysyj, Igor"]
[Result "0-1"]
[WhiteTitle "GM"]
[BlackTitle "GM"]
[WhiteElo "2682"]
[BlackElo "2670"]
[WhiteFideId "4162722"]
[BlackFideId "4150120"]
[EventDate "2014.06.04"]

1. d4 Nf6 2. c4 e6 3. Nc3 Bb4 4. f3 c5 5. d5 O-O 6. e4 d6 7. Ne2 b5 8. Ng3 bxc4
9. Bxc4 Qa5 10. Bd2 Ba6 11. Be2 Nbd7 12. O-O Bxe2 13. Ngxe2 exd5 14. exd5 c4 15.
Bg5 Rab8 16. Rb1 Rfe8 17. Kh1 h6 18. Bh4 Re3 19. Qd4 Bc5 20. Qf4 g5 21. Bxg5
hxg5 22. Qxg5+ Kh8 23. Ng3 Rg8 24. Qh4+ Nh7 25. Nce4 Bb6 26. Qh5 Rg6 27. Qh3 Nf8
28. Nf5 Re2 29. Nc3 Re5 30. Rbe1 Rxe1 31. Rxe1 Qc5 32. Ne4 Qb4 33. Re2 c3 34.
Nxc3 Qf4 35. Re1 Qd2 36. Rb1 Qc2 37. g3 Ba5 38. Nd4 Qf2 39. Nce2 Bb6 40. Rf1 Qe3
41. Rd1 Rg5 42. Qh6 Qe5 43. Qh4 Qxd5 44. Nc3 Qb7 45. Qf4 Bxd4 46. Qxd4+ Kg8 47.
Ne4 Re5 48. Rd2 f5 49. Qc4+ Kh8 50. Qc3 fxe4 51. f4 e3+ 52. Rg2 Qe4 53. fxe5
Qb1+ 54. Rg1 Qe4+ 55. Rg2 d5 56. h4 d4 57. Qc4 Qxe5 58. b4 Nf6 59. b5 Qe4 60. a4
d3 61. Qc3 Nd7 62. Kh2 Kh7 63. g4 d2 64. Qb3 e2 65. Qf7+ Kh8 66. h5 e1=Q 0-1

[Event "67th ch-RUS HL 2014"]
[Site "Vladivostok RUS"]
[Date "2014.06.10"]
[Round "6.6"]
[White "Riazantsev, Alexander"]
[Black "Demchenko, Anton"]
[Result "0-1"]
[WhiteTitle "GM"]
[BlackTitle "GM"]
[WhiteElo "2692"]
[BlackElo "2613"]
[WhiteFideId "4125029"]
[BlackFideId "4160258"]
[EventDate "2014.06.04"]

1. d4 Nf6 2. c4 g6 3. Nc3 Bg7 4. e4 O-O 5. Be3 d6 6. h3 e5 7. d5 Na6 8. Nf3 Nc5
9. Nd2 a5 10. g4 c6 11. Be2 a4 12. a3 Bd7 13. h4 Ne8 14. g5 cxd5 15. exd5 Bf5
16. Bxc5 dxc5 17. Nde4 Nd6 18. Bd3 Bxe4 19. Nxe4 b5 20. Nxd6 Qxd6 21. Be4 bxc4
22. Rc1 Rab8 23. Qe2 Rb3 24. Rxc4 Rfb8 25. Rc2 Bf8 26. Kf1 Qd7 27. Kg2 c4 28. f3
c3 29. bxc3 Bxa3 30. Kg3 Bc5 31. h5 Qe7 32. Kg4 Rb1 33. Rd1 Rxd1 34. Qxd1 Be3
35. Qe1 Qxg5+ 36. Kh3 f5 37. Bd3 e4 38. Be2 Qxh5+ 39. Qh4 Qxh4+ 40. Kxh4 exf3
41. Bxf3 Bc5 42. Re2 a3 43. Re6 Ra8 44. d6 a2 45. Bxa8 a1=Q 46. Bd5 Kg7 0-1

[Event "67th ch-RUS HL 2014"]
[Site "Vladivostok RUS"]
[Date "2014.06.10"]
[Round "6.7"]
[White "Vorobiov, Evgeny E."]
[Black "Alekseev, Evgeny"]
[Result "1/2-1/2"]
[WhiteTitle "GM"]
[BlackTitle "GM"]
[WhiteElo "2587"]
[BlackElo "2673"]
[WhiteFideId "4121341"]
[BlackFideId "4138147"]
[EventDate "2014.06.04"]

1. d4 Nf6 2. c4 e6 3. Nf3 b6 4. e3 Bb7 5. Nc3 Be7 6. Bd3 c5 7. O-O cxd4 8. exd4
d6 9. a3 O-O 10. b4 Nbd7 11. Bb2 Re8 12. Rc1 Bf8 13. d5 e5 14. Nd2 g6 15. Re1 a6
16. Bf1 Rc8 17. Rc2 h5 18. a4 Bh6 19. Nce4 Qc7 20. Nxf6+ Nxf6 21. Bd3 a5 22.
bxa5 bxa5 23. c5 dxc5 24. Bb5 Re7 25. Ba3 Qd8 26. Rxc5 Rxc5 27. Bxc5 Qxd5 28.
Ne4 Re6 29. Nxf6+ Rxf6 30. Qxd5 Bxd5 31. Rxe5 Rf5 32. Re8+ Kh7 33. Bb6 Bb3 34.
h4 Rd5 35. Bxa5 Bxa4 36. Bc3 Bg7 37. Bxa4 Bxc3 38. g3 Kg7 39. Kg2 Re5 40. Rxe5
Bxe5 1/2-1/2

[Event "67th ch-RUS HL 2014"]
[Site "Vladivostok RUS"]
[Date "2014.06.10"]
[Round "6.8"]
[White "Najer, Evgeniy"]
[Black "Stukopin, Andrey"]
[Result "1/2-1/2"]
[WhiteTitle "GM"]
[BlackTitle "GM"]
[WhiteElo "2653"]
[BlackElo "2546"]
[WhiteFideId "4118987"]
[BlackFideId "24107131"]
[EventDate "2014.06.04"]

1. e4 c5 2. Nf3 e6 3. d4 cxd4 4. Nxd4 a6 5. Nd2 Qc7 6. Bd3 Nf6 7. O-O Bc5 8.
N2b3 Ba7 9. c4 d6 10. Bd2 e5 11. Nc2 O-O 12. Be3 Be6 13. Bxa7 Rxa7 14. Ne3 a5
15. Rc1 a4 16. Nd5 Bxd5 17. cxd5 Qb6 18. Nd2 Qxb2 19. Nc4 Qb4 20. Qe2 Nbd7 21.
Rb1 Qc5 22. Rfc1 Qc7 23. Qe3 Qb8 24. Nxd6 Ng4 25. Qg3 Qxd6 26. Qxg4 Nc5 27. Bf1
g6 28. Qf3 f5 29. exf5 Rxf5 30. Qa3 b6 31. Qb4 Rf6 32. Rc2 Kg7 33. Qc4 a3 34. g3
Ra4 35. Rb4 Rxb4 36. Qxb4 Qxd5 37. Qxa3 Qd4 38. Qb2 g5 39. Rd2 Qxb2 40. Rxb2 Rd6 1/2-1/2

[Event "67th ch-RUS HL 2014"]
[Site "Vladivostok RUS"]
[Date "2014.06.10"]
[Round "6.9"]
[White "Bukavshin, Ivan"]
[Black "Sjugirov, Sanan"]
[Result "0-1"]
[WhiteTitle "GM"]
[BlackTitle "GM"]
[WhiteElo "2607"]
[BlackElo "2645"]
[WhiteFideId "4199758"]
[BlackFideId "4189302"]
[EventDate "2014.06.04"]

1. d4 d5 2. c4 c6 3. Nf3 Nf6 4. e3 g6 5. Nc3 Bg7 6. Be2 O-O 7. O-O a6 8. Qb3 e6
9. Rd1 Nbd7 10. Bd2 b6 11. a4 a5 12. Be1 Rb8 13. Rac1 Bb7 14. cxd5 exd5 15. Ne5
Nxe5 16. dxe5 Nd7 17. f4 f6 18. e4 Nc5 19. Qa2 fxe5 20. exd5 cxd5 21. Nxd5 Kh8
22. b4 Ne6 23. bxa5 Nd4 24. Nxb6 exf4 25. Bf1 f3 26. Bg3 Qg5 27. Qd2 Qxd2 28.
Rxd2 Nb3 29. Rcd1 Nxd2 30. Rxd2 Rbd8 31. Rxd8 Rxd8 32. a6 Bd4+ 33. Bf2 Bxf2+ 34.
Kxf2 fxg2 35. axb7 gxf1=Q+ 36. Kxf1 Rb8 37. Ke2 Rxb7 38. a5 Re7+ 39. Kd3 Re5 40.
Nc4 Rh5 41. Kc3 Rxh2 42. Kb4 Ra2 43. Kb5 h5 44. a6 h4 45. Na5 Rb2+ 46. Kc6 Rb8 0-1

[Event "67th ch-RUS HL 2014"]
[Site "Vladivostok RUS"]
[Date "2014.06.10"]
[Round "6.10"]
[White "Airapetian, Gor"]
[Black "Shimanov, Aleksandr"]
[Result "0-1"]
[WhiteTitle "IM"]
[BlackTitle "GM"]
[WhiteElo "2472"]
[BlackElo "2643"]
[WhiteFideId "4177916"]
[BlackFideId "4198603"]
[EventDate "2014.06.04"]

1. d4 f5 2. c4 Nf6 3. Nc3 g6 4. Nf3 Bg7 5. g3 O-O 6. Bg2 d6 7. O-O c6 8. b3 Qa5
9. Bb2 e5 10. dxe5 dxe5 11. e4 f4 12. Na4 Re8 13. Re1 Nbd7 14. Qd2 Qc7 15. gxf4
Bh6 16. Ng5 exf4 17. h4 Ng4 18. e5 Ndxe5 19. Qxf4 Bf5 20. Qg3 Bg7 21. Rad1 Rad8
22. Rxd8 Rxd8 23. Nc5 Qa5 0-1

[Event "67th ch-RUS HL 2014"]
[Site "Vladivostok RUS"]
[Date "2014.06.10"]
[Round "6.12"]
[White "Yuffa, Daniil"]
[Black "Khairullin, Ildar"]
[Result "0-1"]
[WhiteTitle "IM"]
[BlackTitle "GM"]
[WhiteElo "2444"]
[BlackElo "2648"]
[WhiteFideId "24131423"]
[BlackFideId "4151348"]
[EventDate "2014.06.04"]

1. d4 Nf6 2. c4 g6 3. g3 c5 4. d5 b5 5. cxb5 a6 6. bxa6 Bg7 7. Bg2 d6 8. Nc3 O-O
9. Nf3 Nbd7 10. O-O Nb6 11. Ne1 Bxa6 12. Nc2 Nfd7 13. Ne3 f5 14. Qc2 Ne5 15.
Ned1 Bb7 16. b3 Qe8 17. Rb1 Qf7 18. b4 Bxd5 19. Nxd5 Nxd5 20. bxc5 Rac8 21. Rb5
dxc5 22. Bd2 Nb4 23. Qb3 Qxb3 24. axb3 Nc2 25. e3 e6 26. Bc3 Nd3 27. Bxg7 Kxg7
28. Nc3 Nce1 29. Rb7+ Rf7 30. Rb6 Re7 31. Bc6 e5 32. e4 Nf3+ 33. Kg2 Nd4 34. Bd5
f4 35. Bc4 Nb4 36. Ra1 Nbc2 37. Ra5 Ne1+ 38. Kf1 Nef3 39. Kg2 Nd2 40. Ra2 Nxc4
41. bxc4 Rcc7 42. gxf4 exf4 43. Nd5 Rb7 44. Rxb7 f3+ 45. Kg3 Rxb7 46. e5 Rf7 47.
Ra6 Rf5 48. e6 Ne2+ 49. Kh4 h5 50. e7 Re5 51. Kh3 Re4 52. Ra1 g5 53. e8=N+ Kf8 0-1

[Event "67th ch-RUS HL 2014"]
[Site "Vladivostok RUS"]
[Date "2014.06.10"]
[Round "6.13"]
[White "Nevostrujev, Vladimir"]
[Black "Kobalia, Mikhail"]
[Result "0-1"]
[WhiteTitle "GM"]
[BlackTitle "GM"]
[WhiteElo "2421"]
[BlackElo "2627"]
[WhiteFideId "4114345"]
[BlackFideId "4119150"]
[EventDate "2014.06.04"]

1. e4 e5 2. Nf3 Nc6 3. Bb5 a6 4. Ba4 Nf6 5. O-O b5 6. Bb3 Bc5 7. a4 Rb8 8. c3 d6
9. d4 Bb6 10. axb5 axb5 11. Na3 O-O 12. Nxb5 Bg4 13. Qd3 Bxf3 14. gxf3 Nh5 15.
f4 exd4 16. Bd1 Qh4 17. Bxh5 Qxh5 18. Nxd4 Bxd4 19. cxd4 Rb3 20. Qxb3 Nxd4 21.
Qg3 Ne2+ 22. Kg2 Nxg3 23. hxg3 Qe2 24. e5 d5 25. b4 h5 26. Be3 d4 27. Rfe1 Qd3
28. Rad1 Qe4+ 29. f3 Qc2+ 30. Bf2 d3 31. Rc1 Qb3 32. Red1 Qb2 33. e6 fxe6 34.
Rxc7 Ra8 35. Rd7 Ra2 36. Rf1 Qe2 37. b5 Rb2 38. b6 h4 39. gxh4 d2 40. b7 Rb3 41.
Kg1 Qxf3 42. b8=Q+ Rxb8 43. Rxd2 Qg4+ 44. Kh1 Rb3 45. Be1 Rh3+ 46. Rh2 Qe2 0-1

[Event "67th ch-RUS HL 2014"]
[Site "Vladivostok RUS"]
[Date "2014.06.10"]
[Round "6.14"]
[White "Gabrielian, Artur"]
[Black "Maletin, Pavel"]
[Result "1/2-1/2"]
[WhiteTitle "GM"]
[BlackTitle "GM"]
[WhiteElo "2544"]
[BlackElo "2588"]
[WhiteFideId "4131002"]
[BlackFideId "4146786"]
[EventDate "2014.06.04"]

1. e4 e5 2. Nf3 Nc6 3. Bb5 Nf6 4. d3 Bc5 5. Bxc6 dxc6 6. O-O Nd7 7. Be3 Bd6 8.
Nc3 O-O 9. h3 Re8 10. Nd2 Nf8 11. Ne2 Ng6 12. Nc4 Be6 13. Nxd6 cxd6 14. f4 exf4
15. Nxf4 d5 16. exd5 Bxd5 17. Qd2 Nxf4 18. Rxf4 f6 19. Rg4 Bf7 20. Rf1 Re6 21.
Qf2 b6 22. Qg3 Bg6 23. h4 Qe7 24. Bd4 Re8 25. Rgf4 Qd6 26. Kh2 Qd5 27. b3 c5 28.
Bc3 Re2 29. R4f2 R2e3 30. Rf3 Re2 31. R3f2 R2e3 32. Rf3 Re2 1/2-1/2

[Event "67th ch-RUS HL 2014"]
[Site "Vladivostok RUS"]
[Date "2014.06.10"]
[Round "6.15"]
[White "Shomoev, Anton"]
[Black "Zhurikhin, Alexander"]
[Result "0-1"]
[WhiteTitle "GM"]
[BlackTitle "FM"]
[WhiteElo "2574"]
[BlackElo "2333"]
[WhiteFideId "4135148"]
[BlackFideId "4139569"]
[EventDate "2014.06.04"]

1. d4 Nf6 2. c4 e6 3. Nf3 b6 4. g3 Bb7 5. Bg2 Bb4+ 6. Bd2 Bxd2+ 7. Qxd2 O-O 8.
Nc3 Ne4 9. Qd3 Nxc3 10. Ng5 Ne4 11. Nxe4 Nc6 12. O-O d5 13. cxd5 Nb4 14. Qb3
Nxd5 15. Rac1 Qe7 16. Rc2 Rab8 17. Rfc1 Rfc8 18. a3 h6 19. e3 c6 20. Qa4 a5 21.
Nd2 e5 22. dxe5 Qxe5 23. b4 axb4 24. axb4 Ra8 25. Qb3 Ra1 26. Nf3 Rxc1+ 27. Rxc1
Qe7 28. Rb1 Ra8 29. h3 Nf6 30. Nd4 Rc8 31. Ra1 Rc7 32. Rc1 Qd7 33. Rd1 Qe8 34.
b5 c5 35. Nc6 Rd7 36. Kh2 Rxd1 37. Qxd1 Qd7 38. Qa1 Ne8 39. Qe5 Kf8 40. Bd5 Qd6
41. Qf5 Nf6 42. Bg2 g6 43. Qc2 Ne8 44. f4 h5 45. Qb2 Kg8 46. e4 h4 47. Qc3 Nc7
48. e5 hxg3+ 49. Kxg3 Qd7 50. Qc4 Kg7 51. h4 Bc8 52. e6 Qxe6 53. Qc3+ Kh7 54.
Ne5 Nxb5 55. Qb2 Nd4 56. h5 gxh5 57. Be4+ f5 58. Bf3 Qg8+ 59. Kh2 h4 60. Qf2
Nxf3+ 61. Qxf3 Qg3+ 62. Qxg3 hxg3+ 63. Kxg3 b5 64. Kf2 Kh6 65. Ke3 Kh5 66. Nd3
c4 67. Ne5 Kh4 68. Ng6+ Kg3 69. Ne7 Be6 70. Nc6 Bd7 71. Nb4 Kg4 72. Nd5 Bc6 73.
Nb4 Be4 74. Na2 Kg3 75. Nc3 b4 76. Nxe4+ fxe4 77. f5 b3 78. Kd2 e3+ 0-1

[Event "67th ch-RUS HL 2014"]
[Site "Vladivostok RUS"]
[Date "2014.06.10"]
[Round "6.16"]
[White "Potkin, Vladimir"]
[Black "Diu, Viacheslav"]
[Result "1-0"]
[WhiteTitle "GM"]
[BlackTitle "IM"]
[WhiteElo "2621"]
[BlackElo "2468"]
[WhiteFideId "4131061"]
[BlackFideId "4167465"]
[EventDate "2014.06.04"]

1. d4 Nf6 2. c4 g6 3. Nc3 Bg7 4. e4 d6 5. Nf3 O-O 6. h3 e5 7. d5 Na6 8. Bg5 h6
9. Be3 Nc5 10. Nd2 a5 11. g4 c6 12. Be2 a4 13. a3 Qa5 14. Qc2 Bd7 15. Rg1 cxd5
16. exd5 Nh7 17. O-O-O f5 18. gxf5 Bxf5 19. Nde4 Nxe4 20. Nxe4 b5 21. Bg4 Rac8
22. Bxf5 Rxc4 23. Be6+ Kh8 24. Nc3 e4 25. Rxg6 1-0

[Event "67th ch-RUS HL 2014"]
[Site "Vladivostok RUS"]
[Date "2014.06.10"]
[Round "6.17"]
[White "Belous, Vladimir"]
[Black "Moiseenko, Vadim"]
[Result "1-0"]
[WhiteTitle "GM"]
[BlackTitle "IM"]
[WhiteElo "2586"]
[BlackElo "2474"]
[WhiteFideId "4174003"]
[BlackFideId "4123700"]
[EventDate "2014.06.04"]

1. d4 Nf6 2. c4 g6 3. Nc3 d5 4. Nf3 Bg7 5. Bf4 O-O 6. e3 c5 7. dxc5 Qa5 8. Rc1
Rd8 9. Nd4 Ne4 10. cxd5 Nxc3 11. Rxc3 e5 12. Nb3 Qxa2 13. Bg5 f6 14. Bh4 Qxb2
15. Qc1 Qxc1+ 16. Rxc1 g5 17. Bg3 f5 18. f3 e4 19. fxe4 fxe4 20. Bc4 Nd7 21. Bc7
Rf8 22. c6 b5 23. Bxb5 Nb6 24. d6 Bg4 25. d7 Bb2 26. Rc2 Ba3 27. Rf1 Bb4+ 28.
Nd2 Nd5 29. Bc4 1-0